| 000 | 00469nam a2200181Ia 4500 | ||
|---|---|---|---|
| 008 | 230917s9999||||xx |||||||||||||| ||und|| | ||
| 020 | _cRS275 | ||
| 040 |
_e241870 _aMAIN |
||
| 041 | _aEnglish | ||
| 082 | _a954.03 H114I(5) | ||
| 100 | _aHabib, Irfan | ||
| 245 | 0 | _aIndian economy, 1858-1914 | |
| 250 | _a5th ed. | ||
| 260 |
_aNew Delhi _bTulika Books _c2016 |
||
| 300 | _axii, 159 p. | ||
| 500 | _a2831 29/08/2017 HBD17/7075 29/09/2017 Main Budget | ||
| 942 | _cBK | ||
| 999 |
_c23657 _d23657 |
||